| 000 | 00737nam a2200265 4500 | ||
|---|---|---|---|
| 001 | 1989 | ||
| 010 | _a9789895815104 | ||
| 021 |
_aPT _b548477/25 |
||
| 090 | _a1989 | ||
| 100 | _a20251120d2025 m||y0pory50030103ba | ||
| 101 | _apor | ||
| 102 | _aPT | ||
| 200 |
_aÉ assim que te lembras _fCatherine Prasifka _gtrad. Dinis Pires |
||
| 205 | _a1ª edição | ||
| 210 |
_aAlfragide _cCasa das Letras _d2025 |
||
| 215 |
_a255 p. _d24 cm |
||
| 300 | _aBMB-Registado | ||
| 304 | _aTít. orig.: This is how you remember it | ||
| 606 |
_91143 _aLiteratura Irlandesa |
||
| 606 |
_9779 _aRomance |
||
| 675 |
_a821.111(417)-31 _vBMB _zpor |
||
| 700 |
_aPrasifka _bCatherine _92861 |
||
| 702 |
_aPires _bDinis _4730 _9991 |
||
| 801 |
_aPT _bBMB _gRPC |
||
| 990 | _cLIVROS | ||